Les 5 meilleurs buteurs de la tête - Statistiques

Statistiques générales
  • Ce quiz a été pris 316 fois
  • Le résultat moyen est 2 sur 5
Statistiques - réponses
Buts Joueurs % Correct
66 Ronaldo
99%
48 Lewandowski
55%
40 Cavani
35%
39 Mandzukic
8%
47 Llorente
2%
Aucun quiz correspondant
Distribution des résultats
% des personnes avec chaque résultat
Percentile par nombre de réponses
Votre historique - résultats
Vous n’avez pas pris ce quiz